| 000 | 00438nam a2200157Ia 4500 | ||
|---|---|---|---|
| 008 | 230711s9999||||xx |||||||||||||| ||und|| | ||
| 020 | _a978-93-86283-59-7 | ||
| 041 | _aENG | ||
| 082 |
_a630 _bDE-V |
||
| 100 | _aDeepanshu | ||
| 245 | 0 | _aVegetable Science at a Glance :For ICAR,JRF,SRF, NET.and other Competitive Exams | |
| 260 |
_c2018 _aNew Delhi _bWrite & Print Publications |
||
| 300 | _a342p. | ||
| 650 | _aAgriculture | ||
| 942 | _cBK | ||
| 999 |
_c7622 _d7622 |
||